000 00316nam a22001457a 4500
008 210308b ||||| |||| 00| 0 eng d
020 _a9781544368054
041 _aeng
080 _a316
082 _a316
100 _a50
101 _aSOC
245 _aIntroduction to Sociology
_cNewman, D.M
942 _2udc
_cBK
999 _c55972
_d55972